| 000 | 01004cam a2200325 a 4500 | ||
|---|---|---|---|
| 001 | 409488 | ||
| 003 | OSt | ||
| 005 | 20140311163201.0 | ||
| 008 | 800417s1980 nyua j 000 1 eng | ||
| 010 | _a 80015098 | ||
| 020 | _a059033672X | ||
| 040 |
_aDLC _cDLC _dDLC |
||
| 042 | _alcac | ||
| 050 | 0 | 0 |
_aPZ 7 _b.N6715 1980 |
| 100 | 1 |
_aNoble, Trinka Hakes. _927290 |
|
| 245 | 1 | 4 |
_aThe day Jimmy's boa ate the wash / _cby Trinka Hakes Noble ; pictures by Steven Kellogg. |
| 260 |
_aNew York : _bDial Press, _cc1980. |
||
| 300 |
_a[32] p. : _bcol. ill. ; _c28 cm. |
||
| 520 | _aJimmy's boa constrictor wreaks havoc on the class trip to a farm. | ||
| 521 | _aG3 | ||
| 526 | _c540 | ||
| 650 | 1 |
_aBoa constrictor _xFiction. _927291 |
|
| 650 | 1 |
_aSnakes as pets _xFiction. _927292 |
|
| 650 | 1 |
_aFarms _xFiction. _927293 |
|
| 650 | 1 |
_aSchools _xFiction. _927294 |
|
| 700 | 1 |
_aKellogg, Steven, _eill. _927295 |
|
| 906 |
_a7 _bcbc _corignew _d1 _eocip _f19 _gy-gencatlg |
||
| 942 |
_2lcc _cBK |
||
| 999 |
_c42496 _d42496 |
||